[Event "Modbury Championship"]
[Site "Modbury"]
[Date "1997.??.??"]
[Round "?"]
[White "Giermann, Arno"]
[Black "Wellnitz, Gerhard"]
[Result "1-0"]
[WhiteElo "1556"]
[BlackElo "1069"]
[Annotator "Fritz 5.32"]
[PlyCount "100"]
[EventDate "1997.??.??"]
[EventType "tourn"]
[EventRounds "11"]
[EventCountry "AUS"]

1. d4 Nf6 {Opening = A53 - Altindisch /Old Indian Defence} 2. c4 d6 3. Nc3 e6
4. e4 Be7 5. Nf3 O-O 6. Bd3 (6. Be2 c5 7. O-O cxd4 8. Nxd4 Nc6 9. Be3 a6 10.
Qd2 Qc7 11. Rac1 b6 12. f3 Rd8 13. Nd5 exd5 14. cxd5 Bd7 15. Nxc6 Bxc6 16. Rxc6
Qd7 17. Bxb6 Rdc8 18. Rfc1 Qb7 19. Rxc8+ Rxc8 20. Rxc8+ Qxc8 {
Salanki,E-Mohammed,A/HUN-chT 1993/TD 93\08/1-0 (42)}) 6... Nbd7 7. h3 $146 {
Prevents intrusion on g4} (7. e5 dxe5 8. dxe5 Nc5 9. Bc2 Qxd1+ 10. Kxd1 Rd8+
11. Ke2 Ne8 12. b4 Nd7 13. Rb1 Nb6 14. Bd3 a5 15. b5 Bb4 16. Rb3 Nd7 17. Rd1
Nc5 18. Bxh7+ Kf8 19. Rxd8 Nxb3 20. Bg5 Bxc3 21. axb3 Bb4 {
Toefferl,H-Stantic,S/Portoroz op 1995/EXP 46/1/2-1/2 (62)}) (7. O-O e5 8. h3
exd4 9. Nxd4 Ne5 10. Be2 Ne8 11. f4 Nc6 12. Nxc6 bxc6 13. Be3 f5 14. Bf3 Rb8
15. b3 c5 16. Qd3 fxe4 17. Nxe4 Nf6 18. Ng5 Qe8 19. Rae1 h6 20. Bd5+ Kh8 21.
Ne6 Bxe6 {Merriman,J-Sugaya,S/Thessaloniki olm 1984/BIG 80/1/2-1/2 (37)}) 7...
c5 8. e5 {This push gains space. White gets the initiative} dxe5 $16 (8... Ne8
9. Bc2 $14) 9. dxe5 Ne8 10. Be4 $11 (10. Bc2 $5 $14) 10... Rb8 $14 (10... f6 $5
$11) 11. Qc2 g6 $16 {Secures f5} (11... f5 12. exf6 Ndxf6 13. Bf4 $14) 12. Bh6
Ng7 13. Rd1 a6 14. O-O Qc7 15. Bf4 f5 $16 (15... b5 16. cxb5 axb5 17. Rd2 $14)
16. exf6 Qxf4 17. fxe7 Re8 18. Ne2 Qf7 19. Ng5 Qxe7 20. Nxh7 $11 (20. f4 $5 $14
{deserves consideration}) 20... Nf5 21. Bxf5 $19 (21. g4 $142 $11 {
is the best option White has}) 21... exf5 22. Rfe1 Qxh7 23. Nf4 Nf6 $11 (23...
Qf7 $142 $5 $17) 24. Rxe8+ Nxe8 25. Rd8 $17 (25. Qd3 $142 $5 {
is an interesting idea} Qc7 26. Qg3 $14) 25... Qe7 26. Qd2 $19 (26. Qd3 $5 Kg7
27. Nxg6 Kxg6 28. Qg3+ Kf7 29. Rxe8 Kxe8 30. Qxb8 $17) 26... Qe4 $4 $18 {
spoils everything} (26... Kh7 $142 $19) 27. Nxg6 (27. Qd6 $142 $1 $18 {
and the rest is a matter of technique}) 27... b6 $2 (27... f4 $142 28. Nxf4 Kh7
$18) 28. Qg5 {Threatening mate: Ne5} Qe1+ 29. Kh2 Kf7 30. Nh8+ Kf8 31. Qf6+ Kg8
32. Qf7+ (32. Ng6 Bb7 33. Rxb8 $18) 32... Kxh8 33. Rxe8+ Qxe8 {
Black cannot hang on to his material} 34. Qxe8+ Kg7 35. Qe7+ Kg8 36. Qc7 (36.
Qd8+ {seems even better} Kg7 37. Qc7+ Bd7 38. Qxb8 Be6 39. Qb7+ Kg8 $18) 36...
Ra8 37. Qxb6 Kf7 (37... Bd7 {doesn't do any good} 38. Qd6 Rd8 39. Qc7 $18) 38.
Qxc5 {The passed pawn on c4 quickly leads to threats} (38. Qc6 $142 {
and White wins} Ra7 39. Qxc8 f4 $18) 38... Be6 39. b3 Rc8 (39... a5 {
cannot undo what has already been done} 40. Qc7+ Kf6 41. a4 $18) 40. Qa7+ Kf6
41. Qxa6 Rd8 42. Qa5 Rd3 43. c5 f4 44. c6 f3 45. g4 Rd5 46. Qc3+ Ke7 47. c7 Bc8
48. Qxf3 (48. Qg7+ {and White can already relax} Kd6 49. Qg8 Bd7 $18) 48... Rd7
(48... Rc5 {is not the saving move} 49. Qe4+ Kd6 50. Qd4+ Rd5 51. Qf4+ Kc6 52.
b4 $18) 49. Qc6 (49. Qe3+ {might be the shorter path} Kd6 50. Qb6+ Ke7 $18)
49... Rd6 50. Qb5 Rd7 1-0

[Event "Modbury Championship"]
[Site "Modbury"]
[Date "1997.??.??"]
[Round "?"]
[White "Van der Schoot, Peter"]
[Black "Porlaje, Benjamin"]
[Result "1-0"]
[WhiteElo "1443"]
[BlackElo "1270"]
[Annotator "Fritz 5.32"]
[PlyCount "45"]
[EventDate "1997.??.??"]
[EventType "tourn"]
[EventRounds "11"]
[EventCountry "AUS"]

1. e4 c6 {Opening = B14_11 Caro-Kann Panow 5... e6 / Caro-Kann Panov 5... e6}
2. d4 d5 3. exd5 cxd5 4. c4 Nf6 5. Nc3 e6 6. Bg5 Be7 7. Bd3 Nc6 8. Nf3 Qb6 $146
(8... h6 9. Bh4 dxc4 10. Bxc4 O-O 11. O-O a6 12. a3 b5 13. Ba2 Bb7 14. Rc1 Rc8
15. Bb1 b4 16. Qd3 g6 17. Ne2 Nd5 18. Bxe7 Qxe7 19. h4 f5 20. Ba2 Nb8 21. Ne5
Kh7 22. Qg3 Qf6 23. Bxd5 Bxd5 24. Nf4 g5 25. Nxd5 exd5 26. hxg5 hxg5 27. axb4
Kg7 28. f4 g4 29. Rfd1 Qb6 30. Rc5 Qxb4 31. Rxc8 Rxc8 32. Nxg4 {
1-0 Eberth,Z-Richter,G/Zalakaros op 1994/TD 94\02 (32)}) 9. O-O Qxb2 10. Nb5
Bd8 $16 (10... O-O $142 $11 {would keep Black in the game}) 11. Bxf6 $11 (11.
Bd2 $142 $5 dxc4 12. Bxc4 $16) 11... gxf6 {Consolidates e5+g5} 12. Nd6+ $4 $11
{not a good decision, because now the opponent is right back in the game} (12.
cxd5 $142 {with excellent chances for White} exd5 13. Re1+ Be6 14. a3 $18)
12... Ke7 13. c5 $2 $17 {White gains space} (13. Nxc8+ Rxc8 14. cxd5 Nxd4 15.
Rb1 Nxf3+ 16. Qxf3 Qxa2 17. Rxb7+ Rc7 18. dxe6 Qxe6 19. Bf5 $16) 13... Nxd4 14.
Re1 Nxf3+ (14... Nc6 15. Rb1 Qxa2 16. Nh4 $19) 15. Qxf3 {
White gets decisive kings attack} Kf8 $4 $18 {
stumbles just before the finish line} (15... Bc7 $142 $17) 16. Qh5 {
Threatening mate: Qxf7} Kg7 17. Qxf7+ $16 (17. Re3 Qxa1+ 18. Bf1 Qxf1+ 19. Kxf1
Rf8 20. Rg3+ Kh8 21. Qxf7 Rxf7 22. Nxf7#) 17... Kh6 18. Rab1 Qd4 (18... Qxa2 $4
{Taking that pawn is naive} 19. Rb4 (19. Nxc8 Qd2 (19... Rxc8 20. Rxb7 (20.
Qxe6 $6 {is a weaker possibility} Rc7 $16) 20... Qd2 21. Qg7+ Kh5 22. Be2+ Qxe2
23. Rxe2 Rxc5 24. Rb1 Rc4 25. Qxh8 Bc7 26. Qxh7+ Kg5 27. h4+ Rxh4 28. Qxc7 Kf5
29. Qc2+ Re4 30. f3 Kg5 31. fxe4 d4 32. Qc7 Kh5 33. Qg7 d3 34. Kf2 dxe2 35.
Rh1#) 20. Re3 Qxe3 (20... Rxc8 {capturing the knight is still not a good idea}
21. Rh3+ Kg5 22. Qh5+ Kf4 23. Rf3#) 21. fxe3 Rxc8 22. Rxb7 Rc7 23. Rxc7 Be7 24.
Rxe7 Kg5 25. Qg7+ Kh4 26. Qxf6+ Kg4 27. Be2#) 19... d4 20. Rxd4 $18) 19. Re3 {
Threatening mate... how?} f5 (19... Qg4 20. Rg3 e5 21. Rxg4 Bxg4 22. Rxb7 $18)
20. Nxc8 {The mate threat is Rxe6} Rxc8 21. Qxe6+ $18 (21. Rxe6+ Bf6 22. Rxf6+
Kg5 23. Rxf5+ Kh6 24. Rh5#) 21... Bf6 (21... Qf6 {there is nothing else anyway}
22. Qxc8 Ba5 $18) 22. Rh3+ Kg7 (22... Kg6 {does not help much} 23. Qxf5+ Kf7
24. Rxb7+ Rc7 25. Rxc7+ Ke8 26. Qd7+ Kf8 27. Qf7#) 23. Rxb7+ (23. Rxb7+ Rc7 24.
Rxc7+ Be7 25. Rxe7+ Kf8 26. Qf7#) 1-0

[Event "Modbury Championship"]
[Site "Modbury"]
[Date "1997.??.??"]
[Round "?"]
[White "Gaviola, Cecil"]
[Black "Van der Schoot, Peter"]
[Result "0-1"]
[WhiteElo "1498"]
[BlackElo "1443"]
[Annotator "Fritz 5.32"]
[PlyCount "67"]
[EventDate "1997.??.??"]
[EventType "tourn"]
[EventRounds "11"]
[EventCountry "AUS"]

1. e4 e6 {
Opening = C02 - Französische Vert-Vorstoßvariante /French Def-Advance Variat}
2. d4 d5 3. e5 c5 4. Nf3 cxd4 5. Nxd4 Nc6 6. f4 (6. Bb5 Bd7 7. Bxc6 bxc6 8. O-O
Bc5 9. Nc3 a6 10. Be3 Ba7 11. Qg4 g6 12. Bg5 Qc7 13. Nf3 h6 14. Qh4 Bc8 15. Ne2
Rh7 16. Nf4 f5 17. exf6 hxg5 18. Qxg5 Qf7 19. Qxg6 Qxg6 20. Nxg6 Nxf6 21. Nfe5
Bd7 22. Rae1 Ne4 23. Re2 O-O-O 24. h4 Rg8 25. h5 Rxh5 26. g4 Rxe5 27. Rxe4 Rxe4
28. Ne7+ Kd8 29. Nxg8 Rxg4+ {0-1 Masszi,A-Csikar,B/HUN-chT 1992/TD 92\10 (29)})
6... Bc5 7. Be3 $15 (7. Nb3 Bb6 8. Nc3 Nh6 9. Na4 Bc7 10. Be3 Nxe5 11. Bb5+ Bd7
12. Qe2 Nc6 13. O-O-O Nf5 14. g4 Nxe3 15. Qxe3 O-O 16. Nac5 a6 17. Be2 Qc8 18.
Nxd7 Qxd7 19. Kb1 b5 20. Qf3 b4 21. h4 Qd6 {
Milicevic,S-Munoz,M/Novi Sad olm 1990/TD 90\06/1-0 (50)}) (7. Nxc6 $5 {
should be investigated more closely} bxc6 8. Qg4 $11) 7... Qb6 {
Black gets strong initiative} 8. Bb5 Bd7 9. O-O $4 $19 (9. Bxc6 $142 {
the rescuing straw} Bxc6 10. b3 $15 (10. Nxc6 Bxe3 (10... Qxc6 $6 11. Bxc5 Qxc5
12. Qd2 $15) (10... bxc6 $6 11. Bxc5 Qxc5 12. Qd2 $15) 11. Qg4 Qxb2 (11... Qxc6
12. Qxg7 Qxc2 13. Qxh8 Qxg2 14. Rf1 $19) (11... bxc6 12. Qxg7 Qxb2 13. Qxh8 $19
) 12. Qxg7 Qxa1 $19)) 9... Bxd4 ({Not} 9... Nxd4 10. Bxd7+ Kxd7 11. Nc3 Ne2+
12. Qxe2 Bxe3+ 13. Kh1 $19) 10. Bxd4 Qxb5 (10... Nxd4 $142 $5 {
and Black can already relax} 11. Bxd7+ Kxd7 12. Kh1 Qxb2 13. Na3 $19) 11. Nc3
Qc4 (11... Qxb2 $6 12. Rb1 Qa3 13. Nb5 $19) 12. Ne2 Nxd4 13. Nxd4 Ne7 14. b3
Qc5 15. Kh1 Nc6 16. Nf3 O-O 17. Ng5 g6 18. Rf3 h6 19. Nh3 Nd4 20. Rg3 Nf5 (
20... Nxc2 $6 21. Rc1 Rac8 22. Rd3 $19) 21. Rd3 Bb5 22. Rf3 (22. c4 {
doesn't change the outcome of the game} dxc4 23. Rc1 Rac8 24. bxc4 Bxc4 $19)
22... Bc6 23. Ng1 d4 24. Rf2 Ne3 25. Qd2 Qc3 (25... f6 {
keeps an even firmer grip} 26. b4 Qc3 27. Qxc3 dxc3 28. Re1 $19) 26. Qc1 (26.
Qxc3 {doesn't change anything anymore} dxc3 27. Re1 Nxg2 28. Rxg2 Rad8 $19)
26... Rfd8 27. Ne2 Qxc2 28. Qg1 (28. Qxc2 {the last chance for counterplay}
Nxc2 29. Rd1 $19) 28... Nxg2 $1 {takes home the point} 29. Rxg2 Qxe2 30. h3 d3
31. Kh2 Qxg2+ (31... Bxg2 $142 {secures the point} 32. Qxg2 Qc2 33. a3 $19) 32.
Qxg2 Bxg2 33. Kxg2 d2 34. Rd1 0-1

[Event "Modbury Championship"]
[Site "Modbury"]
[Date "1997.??.??"]
[Round "?"]
[White "Gaviola, Cecil"]
[Black "Chilman, Alan"]
[Result "0-1"]
[WhiteElo "1498"]
[BlackElo "1560"]
[Annotator "Fritz 5.32"]
[PlyCount "87"]
[EventDate "1997.??.??"]
[EventType "tourn"]
[EventRounds "11"]
[EventCountry "AUS"]

1. e4 e5 {
Opening = C70 - Spanisch-Abweichung im 4. Züge/Ruy Lopez-deviations in 4. move}
2. Nf3 Nc6 3. Bb5 a6 4. Ba4 b5 5. Bb3 Nf6 6. d3 h6 7. O-O Be7 8. Re1 O-O 9. c3
d6 10. Nbd2 Nh7 $146 (10... Re8 11. a4 Bb7 12. Nf1 (12. Nh4 Bf8 13. Nf1 Ne7 14.
Qf3 d5 15. Bxh6 c5 16. Bg5 Nh7 17. Bxe7 Bxe7 18. Nf5 c4 19. Bc2 Bf6 20. dxc4
bxc4 21. exd5 Bxd5 22. Qg3 Be6 23. Rad1 Qc7 24. N1e3 Rab8 25. Ng4 g6 26. Nd6
Red8 {Zude,E-Lang,S/BL2-O 1994/BL2/1-0 (37)}) 12... Bf8 13. axb5 axb5 14. Rxa8
Bxa8 15. Ng3 Na5 16. Ba2 d5 17. b4 dxe4 18. Nd2 exd3 19. bxa5 c5 20. Qb3 Nd5
21. c4 Nb4 22. cxb5 Bd5 23. Nc4 Qd7 24. Bd2 Nxa2 25. Qxd3 {
Kharlov,A-Emms,J/Gausdal AC 1992/TD 92\08/1-0 (68)}) (10... Re8) 11. Nf1 Ng5
12. Bxg5 Bxg5 13. h3 {Controls g4} Kh8 14. Ng3 Rb8 15. a3 {Covers b4} Bh4 16.
d4 Bxg3 17. fxg3 Qe8 18. d5 {This push gains space} Ne7 19. g4 f6 {
Prevents intrusion on g5} 20. Bc2 Qg6 (20... c6 21. dxc6 Qxc6 22. Qd2 $11) 21.
b4 h5 22. gxh5 Qxh5 23. Kh2 Kg8 24. Ng1 $11 (24. a4 bxa4 25. Rxa4 f5 $14) 24...
Qh6 25. Qd3 Kf7 26. Re3 Ng6 27. Ne2 Rh8 28. Rf1 Bg4 29. Rg3 Bd7 30. Qf3 Ra8 31.
Qe3 Qxe3 32. Rxe3 a5 33. Bd3 axb4 34. axb4 Ra3 35. Rg3 Rh4 36. Bb1 Rb3 37. Kg1
Rb2 38. Re3 Nf4 $11 (38... Rh8 39. Kf2 $15) 39. Nxf4 Rxf4 40. Ref3 $2 $17 (40.
Bd3 $142 $5 $11 {and White has air to breath}) 40... Rxf3 41. gxf3 Bxh3 42. Rc1
Ke7 $17 (42... Bg2 43. Rc2 Rxc2 44. Bxc2 Bxf3 45. Kf2 $19) 43. Bd3 Bd7 (43...
Rg2+ 44. Kh1 Rd2 45. Bxb5 Bg2+ 46. Kg1 Bxf3 47. Ra1 $17) 44. Ra1 0-1

[Event "Modbury Championship"]
[Site "Modbury"]
[Date "1997.??.??"]
[Round "?"]
[White "Vuglar, Shanon"]
[Black "Chilman, Alan"]
[Result "1-0"]
[WhiteElo "1101"]
[BlackElo "1560"]
[Annotator "Fritz 5.32"]
[PlyCount "125"]
[EventDate "1997.??.??"]
[EventType "tourn"]
[EventRounds "11"]
[EventCountry "AUS"]

1. e4 e5 {Opening = C54_03 Italianische Partie 5.d4 / Italian Opening 5.d4} 2.
Nf3 Nc6 3. Bc4 Bc5 4. c3 Nf6 5. d4 exd4 6. cxd4 Bb4+ 7. Nc3 Nxe4 8. O-O (8. Qb3
O-O 9. O-O Bxc3 10. bxc3 Na5 11. Bxf7+ Rxf7 12. Qd5 Nxc3 13. Qxa5 Ne2+ 14. Kh1
d6 15. Be3 Nf4 16. Bxf4 Rxf4 17. Rae1 Bg4 18. Qd5+ Kh8 19. Qxb7 Bxf3 20. gxf3
Rxd4 21. Re7 Rb4 22. Qxc7 Qxc7 {
Letay,G-Pesztericz,L/HUN-chT 1993/TD 93\08/0-1 (56)}) (8. d5 Nxc3 9. bxc3 Bxc3+
10. Bd2 Qe7+ 11. Be2 Bxa1 12. Qxa1 Nb8 13. Qxg7 Rf8 14. Qxh7 d6 15. Qd3 c6 16.
dxc6 Nxc6 17. O-O Rg8 18. Re1 Be6 19. Qb1 O-O-O 20. Qc1 Qc7 21. Bc4 d5 22. Bb5
d4 {Echeveste,N-Santos Cabana,C/Menorca 1996/1/2-1/2 (36)}) 8... O-O 9. Bxf7+
$146 (9. Nxe4 d5 10. Bd3 dxe4 11. Bxe4 Qd7 12. Be3 Bd6 13. Qd2 Re8 14. Bd3 Nb4
15. Bc4 b5 16. Be2 Bb7 17. a3 Nd5 18. Rac1 a6 19. Bd3 Nf6 20. Ne5 Qe6 21. f4
Ne4 22. Qc2 Qd5 23. Rf3 Rad8 {
Wuertz,M-Detzel,M/PF-op Eisenberg 1993/GER 05/0-1 (40)}) 9... Rxf7 10. Nxe4 h6
$14 {Secures g5} (10... d5 $142 $5 {should be considered} 11. Neg5 Rf6 $15) 11.
a3 $15 (11. d5 $5 {is noteworthy} Qe7 12. Ng3 $14 (12. dxc6 $143 Qxe4 13. a3
Bd6 $11)) 11... Be7 $14 (11... d5 $142 $5 {is an interesting idea} 12. Neg5
hxg5 13. Nxg5 Be7 14. Nxf7 Kxf7 15. Qh5+ Kg8 $15) 12. d5 Nb8 13. Ne5 Rf5 14.
Ng6 d6 {Consolidates c5+e5} 15. Re1 Nd7 16. Nxe7+ $11 (16. Bf4 Rf7 $14) 16...
Qxe7 17. Qg4 $17 (17. Ng3 $142 $5 {is an interesting alternative} Re5 18. Bf4
Rxe1+ 19. Qxe1 Qxe1+ 20. Rxe1 $11) 17... Ne5 $14 (17... Nc5 $142 18. Bxh6 Re5
19. Qxg7+ Qxg7 20. Bxg7 Rxe4 (20... Kxg7 $6 21. Nxc5 Rxe1+ 22. Rxe1 dxc5 23.
Re7+ Kf6 24. Rxc7 $11) 21. Rxe4 Nxe4 $17) 18. Qg3 Kh8 19. f4 Nf7 20. Bd2 $14 (
20. Ng5 $1 Qd7 21. Ne6 $16) 20... h5 $2 $18 (20... Qf8 $142 {is a viable option
} 21. Rac1 Rxd5 22. Rxc7 Bf5 $14) 21. Qg6 $1 {an unpleasant surprise} Qf8 (
21... Rxd5 $4 {the pawn must remain untouched} 22. Nf6 $3 {
the crowning sacrifice} Bf5 23. Qxh5+ (23. Nxd5 Qxe1+ (23... Bxg6 $4 {
a tasty morsel with a slight problem...} 24. Rxe7 c6 25. Nc7 $18) 24. Rxe1 Bxg6
$11) 23... Nh6 24. Rxe7 $18) 22. Ng5 {Do you see the mate threat?} Nxg5 $2 (
22... Rxg5 23. fxg5 Bg4 $18) 23. Re8 $1 {surprise!. The mate threat is Bc3} (
23. fxg5 $6 {is clearly weaker} Bd7 (23... Rxd5 $4 {That pawn is poisoned} 24.
Re8 (24. Qxh5+ Kg8 25. Re8 Bd7 26. Rxf8+ Rxf8 $18) 24... Bf5 25. Rxf8+ (25.
Qxh5+ $143 Bh7 26. Rxf8+ Rxf8 $18) 25... Rxf8 26. Qxh5+ Bh7 27. Bc3 $18) 24.
Bc3 Rd8 $16 (24... Rxd5 $2 {is worthless because of} 25. Rf1 (25. Qxh5+ $6 {
is no comparison} Kg8 $14) 25... Rf5 26. Rxf5 (26. Qxh5+ $6 Kg8 $14) 26... Bxf5
27. Qxh5+ Kg8 28. g6 Bxg6 29. Qxg6 $18)) 23... Nh7 (23... Nh3+ {
the only chance to get some counterplay} 24. gxh3 Bd7 25. Rxf8+ Raxf8 $18) 24.
Rxf8+ (24. Bc3 $142 {secures the win} Rf6 25. Bxf6 gxf6 26. Rae1 $18) 24...
Nxf8 25. Qg3 (25. Qe8 $142 $5 {keeps an even firmer grip} Kh7 26. Rc1 c5 27.
dxc6 Ng6 $18) 25... Kh7 26. Qd3 g6 $2 (26... Bd7 $142 $18) 27. Re1 (27. Bc3
$142 $5 {might be the shorter path} Rxf4 28. Qe3 Ne6 $18) 27... Rf7 28. Re8 b6
$4 {Black has lost his nerve... understandable when you consider his position}
(28... Bf5 29. Qe3 Rxe8 30. Qxe8 Kg8 $18) 29. Qe3 (29. Qd4 $142 {
it becomes clear that White will call all the shots} Bb7 30. Bc3 Kh6 31. Qh8+
Nh7 32. Rxa8 Bxa8 33. Qxa8 Rf8 $18) 29... Bb7 30. Re7 (30. f5 Kg8 31. fxg6 Rxe8
32. gxf7+ Kxf7 33. Qf4+ Kg6 34. Qg5+ Kf7 35. Qf5+ Kg8 $18) 30... Kg8 31. Rxf7 (
31. Bc3 $142 {and White can already relax} Rd8 32. Rxf7 Kxf7 33. f5 gxf5 34.
Qg5 $18) 31... Kxf7 32. Qd4 Nd7 33. Bc3 Rg8 34. b4 Ba6 35. Bb2 Ke8 (35... Bb7
36. f5 Ne5 37. fxg6+ Nxg6 38. Qf6+ Ke8 39. Qe6+ Kf8 40. Bf6 $18) 36. Qe4+ {
White gets in control} Kd8 37. Qe6 Re8 38. Qxg6 {
The passed pawn on f4 quickly leads to threats} Rf8 (38... Be2 39. Bd4 $18) 39.
Qg5+ Kc8 40. g3 (40. Kf2 $5 {keeps an even firmer grip} Bc4 $18) 40... Be2 41.
Kf2 Bd1 42. Qe7 Bb3 43. Bg7 Rd8 44. Qf7 Bd1 (44... c6 {
doesn't get the cat off the tree} 45. Qxh5 Bxd5 46. h4 $18) 45. f5 Bg4 (45...
a5 {doesn't get the bull off the ice} 46. b5 $18) 46. f6 (46. h3 $142 $5 {
makes it even easier for White} Bd1 $18) 46... Ne5 47. Qe7 Rd7 48. Qe8+ Kb7 49.
Qh8 Bf3 50. h3 Bd1 51. Ke3 Bf3 52. Qe8 (52. b5 {might be the shorter path} Rf7
$18) 52... Rf7 53. Kd4 Be2 54. Qe6 Bf3 (54... a6 $18) 55. Bh6 Rh7 56. Bf4 (56.
Bg7 h4 57. g4 Bxg4 58. hxg4 h3 $18) 56... c5+ (56... Nf7 $18 {desperation}) 57.
dxc6+ Nxc6+ 58. Kc3 (58. Ke3 $5 {seems even better} Bg2 59. f7 Bxh3 $18) 58...
Nd8 (58... Rc7 {does not help much} 59. Qxd6 Rf7 60. b5 $18) 59. Qxd6 Nf7 (
59... Kc8 60. Qb8+ Kd7 61. Qc7+ Ke6 62. Qe5+ Kf7 63. Qe7+ Kg6 64. Qxd8 Rb7 65.
Qd3+ Kxf6 66. Qxf3 Re7 67. Bd6+ Ke6 68. Bxe7 Kxe7 69. Qb7+ Ke6 70. Qxa7 b5 $18)
60. Qc7+ Ka6 61. a4 $18 (61. Qc8+ Bb7 62. Qc4+ b5 63. Qe6+ Nd6 64. Qxd6+ Bc6
65. Qxc6#) 61... b5 62. Qc8+ Kb6 (62... Bb7 {doesn't do any good} 63. Qe6+ Nd6
64. Qxd6+ Bc6 65. Qxc6#) 63. Be3# (63. a5#) 1-0

[Event "Modbury Championship"]
[Site "Modbury"]
[Date "1997.??.??"]
[Round "?"]
[White "Wellnitz, Gerhard"]
[Black "Van der Schoot, Peter"]
[Result "1/2-1/2"]
[WhiteElo "1069"]
[BlackElo "1443"]
[Annotator "Fritz 5.32"]
[PlyCount "26"]
[EventDate "1997.??.??"]
[EventType "tourn"]
[EventRounds "11"]
[EventCountry "AUS"]

1. e4 e6 {
Opening = C16 - Französische Vert-Nimzowitsch Var /French Def-Nimzowitsch Var}
2. d4 d5 3. Nc3 Bb4 4. e5 Ne7 5. Qg4 (5. a3 Ba5 6. Nf3 Bd7 7. Bd3 a6 8. b4 Bb6
9. O-O Nbc6 10. Ne2 Nf5 11. c3 Nh4 12. Nf4 Nxf3+ 13. Qxf3 g6 14. a4 Ne7 15. Nh3
h6 16. Qf6 Rh7 17. Bxh6 Ng8 18. Qxd8+ Kxd8 19. Bg5+ Kc8 {
Tischbierek,R-Weidemann,J/BL9596 1996/BL 90/1-0 (41)}) 5... O-O 6. Bd3 c5 $146
{Trying to unravel the pawn chain} (6... Ng6 7. h4 f5 8. Qg3 c5 9. h5 Nh8 10.
a3 cxd4 11. axb4 dxc3 12. bxc3 Qc7 13. Ra3 Nc6 14. Nf3 Bd7 15. Kf1 a6 16. Bg5
Kf7 17. Be3 Ne7 18. Bc5 Rfe8 19. h6 Nhg6 20. Bd6 Qd8 21. Ng5+ Kg8 22. hxg7 Nc6
23. Qh3 {1-0 Norris,D-Jekerian,S/Moscow olm 1994/EXP 44 (23)}) 7. Nf3 cxd4 8.
Bxh7+ $1 {keeping ahead of the opponent} (8. Nxd4 $6 Bxc3+ 9. bxc3 Qc7 $15) ({
Inferior is} 8. Qxd4 Nec6 9. Qg4 f5 10. exf6 Bxc3+ 11. bxc3 Qxf6 $15) 8... Kxh7
9. Qh5+ Kg8 10. Ng5 $1 {
securing the advantage in this game. Threatening mate... how?} Re8 (10... Bxc3+
$4 {a first-class blunder} 11. bxc3 Re8 12. Qh7+ (12. Qxf7+ Kh8 13. Qh5+ Kg8
14. Qh7+ Kf8 15. Ba3 Qd6 16. Bxd6 dxc3 17. Qh8#) 12... Kf8 13. Ba3 Qd6 14. Bxd6
dxc3 15. Qh8#) 11. Qxf7+ Kh8 12. Qf3 Qd7 13. Qh5+ Kg8 1/2-1/2

[Event "Modbury Championship"]
[Site "Modbury"]
[Date "1997.??.??"]
[Round "?"]
[White "Chilman, Alan"]
[Black "Giermann, Arno"]
[Result "0-1"]
[WhiteElo "1560"]
[BlackElo "1556"]
[Annotator "Fritz 5.32"]
[PlyCount "72"]
[EventDate "1997.??.??"]
[EventType "tourn"]
[EventRounds "11"]
[EventCountry "AUS"]

1. e4 e5 {
Opening = C78 - Spanisch-Archangelsk u Miller /Ruy Lopez-Arkhangelsk a Miller}
2. Nf3 Nc6 3. Bb5 a6 4. Ba4 Nf6 5. O-O b5 6. Bb3 Bc5 7. c3 Nxe4 $146 (7... Bb6
8. d3 d6 9. h3 O-O 10. Nbd2 Be6 11. Re1 Rc8 12. Bc2 h6 13. b4 a5 14. a4 axb4
15. axb5 Na7 16. c4 c6 17. bxc6 Nxc6 18. Bb2 Qc7 19. Ba4 Ra8 20. Qe2 Nd7 21.
Reb1 Rfe8 22. Bxc6 {Cooper,D-Lindri,J/Manila olw 1992/TD 92\07/0-1 (35)}) (7...
Qe7 8. d4 Bb6 9. a4 Bb7 10. axb5 axb5 11. Rxa8+ Bxa8 12. Re1 d6 13. Qd3 O-O 14.
Bg5 h6 15. Bh4 b4 16. d5 Na5 17. Ba4 c5 18. Nbd2 bxc3 19. bxc3 c4 20. Nxc4 Nxc4
21. Qxc4 g5 22. Bg3 {
Kuzmin,A-Neverov,V/URS-OT56 Blagoveshchensk 1988/TD 88\01/1/2-1/2 (60)}) (7...
O-O 8. d4 Bb6 (8... Be7 9. Nbd2 d6 10. a4 Bg4 11. h3 Bh5 12. d5 Na5 13. Bc2 c5
14. b3 Nd7 15. Qe2 b4 16. c4 Nb7 17. g4 Bg6 18. Kh2 h5 19. Rh1 h4 20. Nf1 Kh7
21. Ne3 Rh8 22. Nf5 Bxf5 23. exf5 Kg8 24. Rg1 Nf8 25. Kg2 g5 26. fxg6 Nxg6 27.
Bd2 Qf8 28. g5 Qg7 29. Qe4 Rd8 {
1-0 Tan Cheng Xuan-Sy,A/Thessaloniki olm 1988/TD 88\06 (29)}) 9. Nxe5 Nxe4 10.
Bd5 Nf6 11. Nxc6 dxc6 12. Bxc6 Rb8 13. Bg5 Qd6 14. Bf3 Bf5 15. Nd2 Rfe8 16.
Bxf6 Qxf6 17. Nb3 a5 18. a4 bxa4 19. Rxa4 Bd7 20. Ra1 Bb5 21. Re1 Rxe1+ 22.
Qxe1 {Hasan,K-Nirav Y,R/Calcutta op 1996/EXP 50/0-1 (43)}) 8. d4 exd4 9. Re1 d5
10. cxd4 Be7 11. Bc2 $17 (11. Nc3 Nxc3 12. bxc3 O-O $15) 11... Bf5 12. Nbd2
Nxd2 13. Bxf5 $17 (13. Qxd2 $5 {looks like a viable alternative} Be6 14. a3 $15
) 13... Nxf3+ 14. Qxf3 $2 $19 (14. gxf3 $142 $5 Qd6 15. Be3 $17) 14... Nxd4 15.
Qd3 Nxf5 16. Qxf5 O-O 17. Re5 (17. Bf4 c6 $19) 17... c6 {Black is in command}
18. Qg4 Bf6 19. Re2 Re8 {Black prepares the advance d4} 20. Be3 Re4 {
Black plans d4} 21. Qf3 Qe7 22. Rc2 d4 23. Bd2 Re8 {Threatening mate: Re1} 24.
g3 (24. Rf1 c5 25. b3 d3 $19) 24... c5 25. Rd1 (25. Rcc1 {
doesn't improve anything} c4 $19) 25... b4 (25... Re2 $142 $5 {
and Black can already relax} 26. Rcc1 d3 27. b3 $19) 26. Qd3 Qd6 27. Rdc1 Qe6
$17 (27... R4e5 $142 $19 {Black had this great chance}) 28. b3 $2 $19 (28. Rxc5
$142 Re2 29. Bxb4 $15) 28... Be7 29. Rd1 Re5 30. Bf4 Re1+ 31. Rxe1 Qxe1+ 32.
Kg2 Bf8 33. f3 Qe6 34. g4 Bd6 35. Bxd6 Qxd6 36. Qf5 d3 (36... d3 37. Rd2 Rd8
$19) 0-1